El origen de la europa moderna y el mundo contemporáneo : sociedades y territorios en cambio /
Guardado en:
| Autor Principal: | |
|---|---|
| Otros Autores: | , , , , |
| Formato: | Libro |
| Publicado: |
Buenos Aires :
Aique,
1998
|
| Materias: | |
| Etiquetas: |
Agregar Etiqueta
Sin Etiquetas, Sea el primero en etiquetar este registro!
|
| LEADER | 02042nam a22003615a 4500 | ||
|---|---|---|---|
| 001 | CEM.cems013055 | ||
| 005 | 20081105124211.0 | ||
| 008 | 130507s1998##################000#0#####d | ||
| 003 | CEMS | ||
| 020 | |a 9507014128 | ||
| 082 | 0 | 4 | |a Z302 |
| 100 | 1 | |a Alonso, María Ernestina | |
| 245 | 1 | 0 | |a El origen de la europa moderna y el mundo contemporáneo : |b sociedades y territorios en cambio / |c María Ernestina Alonso ... [et Al.] |
| 260 | |a Buenos Aires : |b Aique, |c 1998 | ||
| 300 | |a 255 p. | ||
| 505 | 0 | |a Las sociedades y sus problemas -- Las relaciones entre l sociedad y la naturaleza a través del tiempo -- Sociedades, recursos y medio ambiente -- Las primeras culturas y las sociedades agrícolas de la antiguedad -- Las sociedades esclavistas del Mediterráneo -- La sociedad feudal y la expansión de la Europa moderna -- Dinámica demográfica, trabajo y calidad de vida en el mundo contemporáneo -- Sociedades y relaciones internacionales en un mundo globalizado | |
| 653 | |a Ciencias sociales | ||
| 653 | |a Ciencias sociales 8º-egb | ||
| 700 | 1 | |a Elisalde, Roberto | |
| 700 | 1 | |a Vázquez, Enrique | |
| 700 | 1 | |a Blanco, Jorge | |
| 700 | 1 | |a Fernández Caso, María Victoria | |
| 700 | 1 | |a Gurevich, Raquel | |
| 859 | |a CEMS |b BIB. CEMS - 11 de abril |h Z302 |i Al64 |p 20328.99 |t Ej.1 |v 8º |3 8º | ||
| 859 | |a CEMS |b BIB. CEMS - 11 de abril |h Z302 |i Al64 |p 20486.99 |t Ej.2 |v 8º |3 8º | ||
| 859 | |a CEMS |b BIB. CEMS - 11 de abril |h Z302 |i Al64 |p 20492.99 |t Ej.3 |v 8º |3 8º | ||
| 859 | |a CEMS |b BIB. CEMS - 11 de abril |h Z302 |i Al64 |p 20494.99 |t Ej.5 |v 8º |3 8º | ||
| 859 | |a CEMS |b BIB. CEMS - 11 de abril |h Z302 |i Al64 |p 20495.99 |t Ej.6 |v 8º |3 8º | ||
| 859 | |a CEMS |b BIB. CEMS - 11 de abril |h Z302 |i Al64 |p 20496.99 |t Ej.7 |v 8º |3 8º | ||
| 859 | |a CEMS |b BIB. CEMS - 11 de abril |h Z302 |i Al64 |p 20497.99 |t Ej.8 |v 8º |3 8º | ||
| 859 | |a CEMS |b BIB. CEMS - 11 de abril |h Z302 |i Al64 |p 20526.99 |t Ej.9 |v 8º |3 8º | ||
| 859 | |a CEMS |b BIB. CEMS - 11 de abril |h Z302 |i Al64 |p 20527.99 |t Ej.10 |v 8º |3 8º | ||
| 859 | |a CEMS |b BIB. CEMS - 11 de abril |h Z302 |i Al64 |p 25828.10 |t Ej.11 |v 8º |3 8º | ||
